| 000 | 00404 a2200157 4500 | ||
|---|---|---|---|
| 005 | 20250410165937.0 | ||
| 020 | _a0-25606823-2 | ||
| 082 | _a657 LAR | ||
| 100 | _aLARSON, K. D. | ||
| 245 | _aFundamental Accounting Principles. | ||
| 250 | _a11th Ed. | ||
| 260 |
_aHomewood, _bRichard D. Irwin, _c1988. |
||
| 300 |
_axxxi, 1076p.: Ill.; figures _bIndex _c25cm. |
||
| 700 | _aPYLE, W.W. | ||
| 942 |
_2ddc _cBKS |
||
| 999 |
_c1299 _d1299 |
||